000 00520nam a22002053a 4500
005 20220518145311.0
008 011002s1999 mx r 000 0 spa d
020 _a9701834933
035 _aUPN01000112435
049 _aCG
050 4 _aQE533
_bL6.7
100 1 _aLomnitz, Cinna
_937753
245 1 4 _aLos temblores /
_cCinna Lomnitz.
260 _aMéxico :
_bCNCA,
_c1999.
300 _a63 p. :
_bil.
440 0 _aTercer milenio
650 2 _aSismos
_910965
650 4 _aSISMOS -
_zMEXICO
_926662
905 _aLibro
999 _c86343
_d86343